Welcome to CU Library Online Public Access Catalogue (OPAC)

Merrill Life Sciences/ (Record no. 2108)

MARC details
000 -LEADER
fixed length control field 00507nam a22001697a 4500
005 - DATE AND TIME OF LATEST TRANSACTION
control field 20241212124520.0
008 - FIXED-LENGTH DATA ELEMENTS--GENERAL INFORMATION
fixed length control field 241212b |||||||| |||| 00| 0 eng d
020 ## - INTERNATIONAL STANDARD BOOK NUMBER
International Standard Book Number 9780028263984
050 ## - LIBRARY OF CONGRESS CALL NUMBER
Classification number QH315
Item number .D36
100 ## - MAIN ENTRY--PERSONAL NAME
Personal name Daniel, Lucy
245 ## - TITLE STATEMENT
Title Merrill Life Sciences/
Statement of responsibility, etc. Lucy Daniel, Edward Paul Ortleb & Alton Biggs
260 ## - PUBLICATION, DISTRIBUTION, ETC.
Place of publication, distribution, etc. New York
Name of publisher, distributor, etc. Glencoe Macmillan/McGraw-Hill
Date of publication, distribution, etc. 1994
300 ## - PHYSICAL DESCRIPTION
Extent xxii.730p.
Other physical details ill. color
Dimensions 26cm
700 ## - ADDED ENTRY--PERSONAL NAME
Personal name Ortleb, Edward Paul
700 ## - ADDED ENTRY--PERSONAL NAME
Personal name Biggs, Alton
942 ## - ADDED ENTRY ELEMENTS (KOHA)
Source of classification or shelving scheme Library of Congress Classification
Koha item type Books
Suppress in OPAC No
999 ## -
-- 2108
-- 2108
Holdings
Withdrawn status Lost status Source of classification or shelving scheme Damaged status Not for loan Collection Home library Current library Shelving location Date acquired Total checkouts Full call number Barcode Date last seen Copy number Price effective from Koha item type
    Library of Congress Classification     Non-fiction Science Library (Miotso) Science Library (Miotso) General stacks 12/12/2024   QH315 .D36 DAN SLM00001248 12/12/2024 1 12/12/2024 Books
    Library of Congress Classification     Non-fiction Science Library (Miotso) Science Library (Miotso) General stacks 12/12/2024   QH315 .D36 DAN SLM00001249 12/12/2024 2 12/12/2024 Books
    Library of Congress Classification     Non-fiction Science Library (Miotso) Science Library (Miotso) General stacks 12/12/2024   QH315 .D36 DAN SLM00001250 12/12/2024 3 12/12/2024 Books
    Library of Congress Classification     Non-fiction Science Library (Miotso) Science Library (Miotso) General stacks 12/12/2024   QH315 .D36 DAN SLM00001251 12/12/2024 4 12/12/2024 Books
© 2023-2024 Copyright: Central University Libraries. All Rights Reserved | Created by: Mahone Tech Office